Personnages Historiques de A à Z (P.2) - Statistiques

Statistiques générales
  • Ce quiz a été pris 2 006 fois
  • Le résultat moyen est 13 sur 26
Statistiques - réponses
Lettre Indice Réponse % Correct
J Héroine de l'histoire de France surnommée la "Pucelle d'Orléans" Jeanne d'Arc
94%
D On lui doit l'ouvrage monumental de "L'Encyclopédie" Denis Diderot
80%
M Résistant mort en héros reposant au Panthéon Jean Moulin
80%
E Inventeur de l'ampoule à incandescence et du phonographe Thomas Edison
75%
S Pseudonyme masculin d'une romancière et journaliste française George Sand
68%
R Son plus célèbre poème est le "Dormeur du Val" Arthur Rimbaud
65%
W Peintre et cinéaste Américain, pionnier du Pop-Art Andy Warhol
64%
Z Dictateur et fondatteur de la République Populaire de Chine en 1949 Mao Zedong
64%
P Fille d'un chef amérindien, enlevée par des colons anglais Pocahontas
63%
N Apothicaire, médecin et auteur, plus célèbre pour ses prophéties Nostradamus
61%
K Physicien, une unité de température porte son nom Lord Kelvin
59%
C Explorateur français qui découvrit le Canada Jacques Cartier
58%
L Chimiste de la fin du 18e siècle Antoine de Lavoisier
53%
V Architecte et ingénieur militaire sous Louis XIV Vauban
51%
G Chef Apache qui a résisté aux colons Géronimo
48%
O Poète Romain Ovide
45%
H Empereur Romain lettré et pacificateur Hadrien
43%
T Écrivain et universitaire Britannique, l'un des pères de la fantaisie moderne J.R.R Tolkien
42%
F On lui doit les antibiotiques Alexander Fleming
38%
A Explorateur Norvégien, pionnier de l'exploration du Pôle Sud Roald Amundsen
21%
I Homme aux multiples talents de l'Égypte antique, on le dit Vizir, architecte, médecin et philosophe Imhotep
16%
U Chef Viking et fils du mythique Ragnar Lodbrok Ubbe
15%
B Actrice Francaise considérée comme la première star internationale Sarah Bernhardt
14%
X Historien, philosophe et général Grec Xénophon
14%
Q Dessinateur Argentin, connu pour avoir créé le personnage de Mafalda, très populaire dans la communauté hispanique Quino
13%
Y Médecin Franco-Suisse qui découvrit le bacille de la peste et mit au point un premier traitement anti-pesteux Alexandre Yersin
7%
Aucun quiz correspondant
Distribution des résultats
% des personnes avec chaque résultat
Percentile par nombre de réponses
Votre historique - résultats
Vous n’avez pas pris ce quiz